Cotton mill industry in Bengal (Record no. 508627)

000 -LEADER
fixed length control field 00310nam a22001097a 4500
082 ## - DEWEY DECIMAL CLASSIFICATION NUMBER
Classification number T2x5412
100 ## - MAIN ENTRY--PERSONAL NAME
Personal name Gupta, Mukul
9 (RLIN) 4070
245 ## - TITLE STATEMENT
Title Cotton mill industry in Bengal
Statement of responsibility, etc by Mukul Gupta
260 ## - PUBLICATION, DISTRIBUTION, ETC. (IMPRINT)
Place of publication, distribution, etc Alipore
Name of publisher, distributor, etc Bengal Government Press
Date of publication, distribution, etc 1937
300 ## - PHYSICAL DESCRIPTION
Extent 62p.
700 ## - ADDED ENTRY--PERSONAL NAME
Personal name Bengal. Department of Industries
9 (RLIN) 4071
Holdings
Withdrawn status Lost status Source of classification or shelving scheme Damaged status Koha normalized classification for sorting Not for loan Permanent location Current location Date acquired Full call number Barcode Date last seen Price effective from Koha item type
        T_2X5412   Indian Institute of Public Administration Indian Institute of Public Administration 2019-04-03 T2x5412 GG33013 2019-04-03 2019-04-03 GG

Powered by Koha